000 00320 a2200157 4500
001 161684
020 _a
040 _cMagnum
100 _aJimenez, Felipe Pedraza
240 1 0 _aVamos a hablar/v.2
_lESP
245 1 0 _aVamos a hablar/v.2
362 0 _a1899
440 1 _aÁtica
697 _aESPANHOL
942 _cBK
999 _c161684
_d161684